| 000 | 00540nam a2200181Ia 4500 | ||
|---|---|---|---|
| 005 | 20250326124229.0 | ||
| 008 | 250326s9999 xx 000 0 und d | ||
| 037 | _aTextbook | ||
| 040 |
_aFMSL _beng _cFMSL |
||
| 041 |
_aeng _2eng |
||
| 084 |
_aX:51 L7 _qFMSL |
||
| 100 |
_aHosmer L T _9737046 |
||
| 245 | 0 |
_aEnterepreneurial function: text and cases on smaller firms _cHosmer L T; Cooper A C |
|
| 260 |
_aNew Jersey _bNew Jersey, Prentice-Hall _c1977 |
||
| 300 | _a484p | ||
| 942 |
_cTB _hX:51 L7 |
||
| 999 |
_c1272853 _d1272853 |
||